EU actions for cross-border healthcare Significant ambitions but improved management required. Special report No 07, 2019

Detalles Bibliográficos
Formato: eBook
Lenguaje:inglés
Publicado: Bruselas: European Union Publications Office, 2019
Materias:
Acceso en línea:Acceso restringido

MARC

LEADER 00000nam a22000007a 4500
005 20220202214847.0
007 cr|||| ||||
008 220202s2019 eu |||||s||||i00||0 eng d
020 |a 978-92-847-1934-1 
035 |a 34757 
040 |a vLex 
090 |c 12904  |d 12904 
245 0 0 |a EU actions for cross-border healthcare  |h [Recurso electrn̤ico] :  |b Significant ambitions but improved management required. Special report No 07, 2019 
256 |a Servicio en ln̕ea 
260 |a Bruselas:  |b European Union Publications Office,  |c 2019 
300 |a 1 recurso electrn̤ico 
500 |a The 2011 Cross-border Healthcare Directive seeks to ensure EU patients’ rights to access safe and high-quality healthcare, including across national borders within the EU. These rights are also intended to facilitate closer cooperation between Member States on eHealth and the treatment of rare diseases. We concluded that although EU actions in cross-border healthcare enhance Member States’ collaboration, the benefits for patients were limited. We found that despite the progress made on providing EU citizens with information on cross-border healthcare, in some areas this information remains difficult to access. We identified weaknesses in the Commission’s strategic planning and project management. We make recommendations focusing on the Commission’s support for national contact points, the deployment of cross-border exchanges of health data, and EU’s actions in the field of rare diseases. 
506 1 |a Disponible solo en los productos indicados  |d vLex Global  |d vLex Global (Academic Edition, excluding Law Schools)  |d vLex Global (U.S. Academic Edition, Law Schools)  |d vLex Global (U.S. Academic Edition, excluding Law Schools)  |d vLex Global (Academic Edition, Law Schools) 
650 0 4 |a Derecho Comunitario  |z Unin̤ Europea 
740 0 |a vLex Libros (Servicio en ln̕ea) 
856 4 0 |u https://app.vlex.com/#/sources/34757  |z Acceso restringido 
942 |c BOOK 
999 0 |a Community Law